El milenio huérfano : ensayos para una nueva cultura política / (Registro nro. 5034)
[ vista simple ]
| 000 -LEADER | |
|---|---|
| fixed length control field | 01200nam a2200265Ia 4500 |
| 008 - FIXED-LENGTH DATA ELEMENTS--GENERAL INFORMATION | |
| fixed length control field | 191128s9999 xx 000 0 und d |
| 020 ## - INTERNATIONAL STANDARD BOOK NUMBER | |
| International Standard Book Number | 9788498792331 |
| 082 ## - DEWEY DECIMAL CLASSIFICATION NUMBER | |
| Classification number | 306 .2 |
| 082 ## - DEWEY DECIMAL CLASSIFICATION NUMBER | |
| Item number | M34 |
| 100 ## - MAIN ENTRY--PERSONAL NAME | |
| Personal name | Sousa Santos, Boaventura de, 1940-, autor |
| 245 #0 - TITLE STATEMENT | |
| Title | El milenio huérfano : ensayos para una nueva cultura política / |
| 245 #0 - TITLE STATEMENT | |
| Statement of responsibility, etc. | Boaventura de Sousa Santos ; presentación Juan Carlos Monedero |
| 250 ## - EDITION STATEMENT | |
| Edition statement | Segunda edición |
| 260 ## - PUBLICATION, DISTRIBUTION, ETC. | |
| Place of publication, distribution, etc. | Bogotá |
| 260 ## - PUBLICATION, DISTRIBUTION, ETC. | |
| Name of publisher, distributor, etc. | Ilsa : Trotta |
| 260 ## - PUBLICATION, DISTRIBUTION, ETC. | |
| Date of publication, distribution, etc. | 2011 |
| 300 ## - PHYSICAL DESCRIPTION | |
| Extent | 312 páginas |
| 300 ## - PHYSICAL DESCRIPTION | |
| Dimensions | 23 cm |
| 440 ## - SERIES STATEMENT/ADDED ENTRY--TITLE | |
| Title | Estructuras y procesos. Ciencias sociales |
| 505 ## - FORMATTED CONTENTS NOTE | |
| Formatted contents note | Prolegómeno de una renovación teórica -- Estado, democracia y globalización |
| 520 ## - SUMMARY, ETC. | |
| Summary, etc. | Si todo está tan mal ¿por qué es tan difícil construir una teoría crítica? Las sociedades del siglo XXI se intuyen a sí mismas al borde de un precipicio, pero ignoran cómo han llegado hasta allí, no encuentran el rastro del pasado y el futuro. |
| 546 ## - LANGUAGE NOTE | |
| Language note | spa |
| 650 ## - SUBJECT ADDED ENTRY--TOPICAL TERM | |
| Topical term or geographic name entry element | Cultura política -- Ensayos Democracia --Ensayos Postmodernismo --Ensayos Globalización -- Ensayos Estado -- Ensayos-- |
| 799 ## - LOCAL ADDED ENTRY--UNIFORM TITLE (RLIN) | |
| Uniform title | Monedero, Juan Carlos, presentación |
| Withdrawn status | Lost status | Materials specified (bound volume or other part) | Damaged status | Not for loan | Collection code | Home library | Current library | Date acquired | Total Checkouts | Full call number | Barcode | Date last seen | Copy number | Price effective from | Koha item type |
|---|---|---|---|---|---|---|---|---|---|---|---|---|---|---|---|
| Donación--15/04/2018-- | Biblioteca Pública José María del Castillo y Rada | Biblioteca Pública José María del Castillo y Rada | 11/28/2019 | 306 .2 M34 | 430001176 | 05/16/2024 | Ej.1 | 11/28/2019 | Books |